000 00539nam a2200205Ia 4500
003 OSt
005 20230602134453.0
008 210423s1988 xx 000 0 und d
040 _cAL
041 _aeng
082 _a306.85
_223
_bTISB
100 _aTISS (Paul)
_9119017
245 _aBeginning of like and basics of interitance
260 _aBombay
_bTISS
_c1988
365 _b20
_cINR
650 _aMarriage & Family
_9119018
650 _aSociology
_9119019
906 _abasics ; Beginning ; interitance ; like
942 _2ddc
_cBK
999 _c175680
_d175680